| 000 | 00427nam a22001457a 4500 | ||
|---|---|---|---|
| 005 | 20250515153140.0 | ||
| 008 | 250515b |||||||| |||| 00| 0 eng d | ||
| 020 | _a9781861525086 | ||
| 050 |
_aHF5549 _bNEW |
||
| 245 |
_aNew perspectives on human resource management _cedited by John Storey |
||
| 260 |
_aLondon _bInternational Thomson Business Press _cc1989 |
||
| 300 | _axiv, 205p | ||
| 700 | _aJohn Storey | ||
| 942 |
_2lcc _cBK _n0 |
||
| 999 |
_c5789 _d5789 |
||